[Event "Gaprindashvili Cup Open II Stage 2020"]
[Site "Online"]
[Date "2020.11.08"]
[Round "4.5"]
[White "Lomsadze, Davit"]
[Black "Bagaturov, Giorgi"]
[Result "0-1"]
[WhiteElo "2303"]
[BlackElo "2431"]
[Annotator "TA"]
[PlyCount "82"]
[EventDate "2020.11.04"]
[EventType "swiss"]
[SourceTitle "playchess.com"]
[Source "ChessBase"]
[SourceQuality "1"]

{[%evp 14,82,-7,-17,0,-11,-12,-17,-17,-11,62,16,53,61,83,76,87,82,111,86,197,206,275,249,272,171,152,-106,-101,-101,-99,-1043,-1007,-794,-1015,-1151,-1146,-1447,-1435,-1616,-1538,-1091,-1006,-1081,-1027,-2075,-2090,-1881,-1865,-1558,-311,-280,0,-1263,-1408,-1365,-1341,-1081,-496,-1173,-497,-640,-637,-29986,-29987,-29989,-29990,-6794,-1900,-6030,-5813]} 1. Nf3 Nf6 2. g3 g6 3. Bg2 Bg7 4. O-O O-O 5. d3 c5 6. Nc3 d5 7. a3 Nc6 8. Rb1 Qc7 {[#] A05: Réti Opening: 1 Nf3 Nf6.} 9. Bd2 $146 ({Predecessor:} 9. Bg5 Rd8 10. Qc1 Bg4 11. h3 Bxf3 12. Bxf3 d4 13. Bxf6 exf6 14. Nd5 Qe5 15. Nf4 Rac8 16. c4 dxc3 17. bxc3 {1-0 (64) Caprio,G (2401)-Gara,T (2326) Doha 2014}) 9... Rd8 10. b4 cxb4 {The position is equal.} 11. axb4 d4 ({Black should try} 11... e5 $11) 12. Na4 (12. Nb5 $5 {[%cal Rb5c7]} Qb6 13. c4 $14) 12... e5 13. b5 Ne7 14. c4 Bf5 15. Qb3 Nd7 16. Bb4 Nb6 (16... Nc8 $16 {might work better.}) 17. Ba5 $18 e4 18. Ng5 exd3 19. c5 dxe2 20. Rfe1 $2 (20. cxb6 $16 {and life is bright.} Qc2 21. Qxf7+ {[%mdl 64] Double Attack} Kh8 22. Qxe7 exf1=Q+ 23. Rxf1) 20... Nec8 $1 $17 ({But not} 20... Bxb1 $6 21. cxb6 Qc2 22. Qxf7+ Kh8 23. Bxb7 $14) 21. Rxe2 Bxb1 22. Bd5 $2 {[%mdl 8192]} (22. Qxb1 $17 d3 23. Ra2) 22... Rxd5 $19 23. Re8+ Bf8 24. cxb6 Qc1+ {[%mdl 64] Double Attack, Zwischenzug} 25. Kg2 Qxg5 26. Qb4 Nd6 27. Rxa8 axb6 28. Nxb6 Be4+ 29. f3 {[#]} Bxf3+ $1 30. Kxf3 Qe3+ 31. Kg2 Qe2+ $2 (31... Rxb5 32. Rxf8+ Kg7 33. Qxb5 Nxb5) 32. Kg1 Qe3+ $2 ({Stronger than} 32... Qxb5 33. Nxd5 Qxd5 34. Bc7 $16) ({Weaker is} 32... Rxb5 33. Rxf8+ $1 {[%mdl 512]} Kxf8 34. Qxd6+ Kg8 35. Qd8+ Kg7 36. Qxd4+ f6 37. Qd7+ Kh6 38. Qd2+ Qxd2 39. Bxd2+ Kg7 40. Be3 $17) (32... Rf5 33. Rxf8+ Kg7) 33. Kg2 Rf5 34. Qe1 Qf3+ 35. Kg1 Kg7 (35... Ne4 $142 36. Nd7 Kg7 37. Rxf8 Nf2 38. Rxf7+ {[%mdl 64] Decoy} Kxf7 39. Ne5+ {[#]} Rxe5 $1 {[%mdl 576] Double Attack} 40. Qxf2 Qxf2+ 41. Kxf2 Rxb5) 36. Nd7 (36. Bb4 $142 Be7 37. Nd5 Rxd5 38. Qxe7 Qd1+ 39. Kg2 Qc2+ 40. Kg1 Qb1+ 41. Qe1 Qxe1+ 42. Bxe1) 36... Be7 (36... Nc4 $142 {( -> ...Ne3)} 37. Re8 Nxa5 38. Nxf8 Nc4 39. Nxg6 hxg6) 37. Bb6 Nxb5 {White must now prevent ...Bb4!} 38. Ra1 Bg5 39. h4 Be3+ 40. Kh2 Qc6 41. Rd1 Rf2+ {Av CentiPawn Loss W=692/B=-99. Weighted=122/-134} 0-1

[Event "Gaprindashvili Cup Open II Stage 2020"]
[Site "Online"]
[Date "2020.11.08"]
[Round "4.6"]
[White "Petriashvili, Nikoloz"]
[Black "Safarov, Deniel"]
[Result "1-0"]
[WhiteElo "2425"]
[BlackElo "1720"]
[Annotator "TA"]
[PlyCount "83"]
[EventDate "2020.11.04"]
[EventType "swiss"]
[SourceTitle "playchess.com"]
[Source "ChessBase"]
[SourceQuality "1"]

{[%evp 25,83,-24,-21,-25,-23,-16,23,14,18,26,22,6,6,6,6,4,5,3,3,3,4,8,8,0,10,0,20,0,2,2,2,0,0,0,65,64,73,70,75,33,168,89,341,390,1193,1158,1327,1291,1137,1112,29984,29985,29985,29986,29986,29987,29989,29990,29998,29999]} 1. d3 g6 2. g3 Bg7 3. Bg2 Nf6 4. c4 O-O 5. Nf3 d6 6. Nc3 Nc6 7. O-O e5 8. Bg5 h6 9. Bxf6 Bxf6 10. Rb1 a5 11. a3 Bg7 12. b4 axb4 13. axb4 Be6 {13...Ne7 is the hot move. Played by Michael Adams in July 2020.} 14. b5 {A26: English Opening vs King's Indian with ...Nc6 and d3.} Ne7 15. Nd2 d5 {[#]} (15... c6 {is interesting.} 16. Qb3 Qd7 17. Na4 Qc7 18. Nc3 f5) 16. cxd5 $146 {White has an edge.} ({Predecessor:} 16. Qc2 c6 17. bxc6 bxc6 18. Rb7 Nf5 19. Rfb1 Nd4 20. Qd1 Qa5 21. cxd5 cxd5 22. R7b4 Rfc8 23. Nb5 Qxb4 24. Rxb4 Rc1 25. Qxc1 Nxe2+ 26. Kf1 Nxc1 27. Nc7 Nxd3 28. Rb1 Ra2 {0-1 (28) Parameswaran,T (2390)-Liew,C (2335) Yerevan 1996}) 16... Nxd5 17. Nxd5 Bxd5 18. Bxd5 Qxd5 19. Nc4 e4 20. Ne3 Qe6 21. dxe4 Qxe4 22. Qd5 Qxd5 23. Nxd5 Ra2 24. e3 Be5 25. Rfd1 Kg7 26. Rbc1 $36 {[%mdl 2048] White has good play.} Rd8 27. f4 Bd6 28. e4 b6 29. Kh1 Rda8 (29... g5 $11) 30. e5 $1 $14 {[%cal Re5d6]} ({But not} 30. Nxc7 Bxc7 31. Rxc7 Re2 $15) 30... Bc5 31. Nxc7 R8a3 32. Rd8 {[#] White wants to mate with Ne8+.} Be7 ({Black should try} 32... h5 $14) 33. Ne8+ (33. Rd7 $18 Kf8 34. Nd5) 33... Kh7 $2 {[%mdl 8192]} (33... Kf8 $16 34. Rdc8 Rd3) 34. Rd7 $18 Re2 $2 (34... Ra1) 35. Rxe7 {Nf6+ would kill now.} Raa2 36. Rxf7+ Kg8 {[#]} 37. Rd7 $1 {Threatening mate with Nf6+.} Rxh2+ 38. Kg1 {White mates.} Rhg2+ 39. Kf1 Rgf2+ 40. Ke1 Rfe2+ 41. Kd1 Rh2 42. Nf6+ {Av CentiPawn Loss W=-7/B=-84. Weighted=-10/-134} 1-0

[Event "Gaprindashvili Cup Open II Stage 2020"]
[Site "Online"]
[Date "2020.11.08"]
[Round "4.7"]
[White "Volkov, Nika"]
[Black "Lortkipanidze, Nodar"]
[Result "1/2-1/2"]
[WhiteElo "2084"]
[BlackElo "2416"]
[Annotator "TA"]
[PlyCount "209"]
[EventDate "2020.11.04"]
[EventType "swiss"]
[SourceTitle "playchess.com"]
[Source "ChessBase"]
[SourceQuality "1"]

{[%evp 9,209,-28,-21,-41,-16,-21,-6,-18,6,0,24,8,6,0,11,4,13,5,8,2,0,0,0,-42,-19,-19,-19,-19,-19,-21,-21,-20,35,35,35,35,35,35,35,22,54,54,61,66,259,239,229,149,151,87,91,112,476,66,56,0,0,-17,-13,-33,0,0,0,0,0,-33,-33,-33,67,67,67,67,67,7,33,0,0,0,0,0,0,0,0,0,0,0,0,0,0,0,0,0,0,0,0,0,0,0,5547,33,33,33,33,33,33,33,33,33,33,33,33,33,33,33,33,33,33,33,33,33,33,33,33,33,33,33,33,24,24,0,0,0,0,0,0,0,0,0,0,0,0,0,0,0,0,0,0,0,0,0,0,0,0,0,0,0,0,0,0,-16,0,-8,-8,-8,0,0,0,0,0,0,0,0,0,0,0,0,0,0,0,0,0,0,0,0,0,0,0,0,0,0,0,0,0,0,0,0,0,0,8,8,8,8]} 1. d4 d5 2. c3 Nf6 3. Qc2 g6 4. g3 Bg7 5. Bg2 O-O 6. Nd2 {[#] D00: 1 d4 d5: Unusual lines.} Nc6 $146 ({Predecessor:} 6... Nbd7 7. Ngf3 c5 8. O-O Qc7 9. e3 b6 10. b3 Ba6 11. Re1 Rac8 12. Bb2 Rfe8 {0-1 (31) Lambourne,S-Marley,J (2110) Cardiff 1995}) 7. Ngf3 Bf5 8. Qb3 Rb8 9. O-O Ne4 10. Nxe4 (10. Nh4 {looks sharper.} Na5 11. Qd1 Nxd2 12. Qxd2 Nc4 13. Qe1) 10... Bxe4 11. Bh3 Bxf3 12. exf3 b5 13. Bf4 a5 14. Rfe1 e6 15. Bf1 a4 16. Qa3 Bf6 17. Qc5 Rb6 18. Bxb5 Be7 19. Qxc6 Rxc6 20. Bxc6 Bg5 (20... Qb8 $11 21. Rab1 Qa7) 21. Bxg5 $14 Qxg5 22. f4 $36 {[%mdl 2048] White is pushing.} Qf5 23. Bxa4 Rb8 24. b4 Ra8 25. Bb3 $1 Ra3 26. Rac1 Qh3 $2 (26... c6 $14) 27. c4 $18 dxc4 28. Bxc4 h5 29. d5 ({White should play} 29. Bb3 {And now d5 would win.} Ra6 30. Rxc7) 29... exd5 $16 30. Bxd5 Rd3 $2 {[%mdl 8192]} (30... Qd7 $16 {is more resistant.} 31. Bb3 h4) 31. Bb3 $2 ({White has to play} 31. Re8+ $18 Kg7 {[#]} 32. Be6 $1 {[%mdl 512]} Qxe6 33. Rxe6 fxe6 34. Rxc7+ Kf6 35. a4) 31... Qd7 $14 32. b5 (32. Rc4 $14) 32... h4 $11 33. Bc4 Rd2 34. Re3 h3 35. Rce1 Qd4 36. Bf1 Rxa2 37. Bxh3 Qb2 $1 {[%cal Rb2f2]} 38. Rf3 Ra1 ({Better is} 38... Qb4 $15 39. Rfe3 Qxb5) 39. Rxa1 $14 Qxa1+ {[%mdl 4096] Endgame KQ-KRB} 40. Bf1 $1 Kg7 41. f5 (41. Re3 $14) 41... g5 42. f6+ Kh6 43. h3 Qd1 44. Kg2 Qd5 45. Be2 Kh7 46. Kg1 Kg6 47. Bd3+ Kh6 48. Kg2 {[#]} g4 $1 {[%mdl 512]} 49. hxg4 Kg5 50. Be2 Kxg4 51. Kg1 Kg5 52. Rf4 Qe5 53. Bc4 Kg6 $2 {[%mdl 8192]} (53... Qa1+ $11 54. Kg2 Qa8+ 55. Kh2 Kg6) 54. Rg4+ $2 (54. Bd3+ $18 Kg5 55. Rf5+ Qxf5 56. Bxf5) 54... Kxf6 55. Rf4+ Kg5 56. Rxf7 {White threatens f4+ and mate.} Qa1+ 57. Bf1 Qc3 $1 58. Rf4 Kg6 59. Rc4 Qe5 60. Bd3+ Kg7 61. Be4 Qxb5 62. Rxc7+ Kf6 63. Bf3 Qb1+ 64. Kg2 Qb4 65. Rc6+ Kg7 66. Re6 Qc5 67. Re4 Qb6 68. g4 Qd6 69. g5 Qc5 {The position is equal.} 70. Rg4 Qe5 71. g6 (71. Be4 {seems wilder.} Kh8 72. Rh4+ Kg7 73. g6 Kf6 74. Rg4) 71... Qe6 72. Rg5 Qf6 73. Rg3 Qe6 74. Ba8 Qe8 75. Bd5 Qe5 76. Bf3 Qf5 77. Rg4 Qe6 78. Re4 (78. Bd1 {is more complex.} Qc6+ 79. Bf3 Qe6) 78... Qd6 79. Rg4 Qe6 80. Re4 Qd6 81. Rc4 Qe5 82. Rc6 Qg5+ 83. Kf1 Qb5+ 84. Ke1 Qe5+ 85. Kd2 Qf4+ 86. Ke2 Qe5+ 87. Kd3 Qf5+ 88. Be4 Qxf2 89. Rc7+ Kh6 {Strongly threatening ...Qg3+.} 90. Rh7+ Kg5 91. g7 Qf1+ 92. Kd4 Qf6+ 93. Kc4 Qe6+ 94. Kd4 Qd6+ 95. Bd5 Qb4+ 96. Bc4 Qd6+ 97. Kc3 Qa3+ 98. Kc2 Qa4+ {[%mdl 64] Double Attack} 99. Kd3 Qa3+ 100. Ke4 Qe7+ 101. Kd5 Qd7+ 102. Kc5 Qf5+ 103. Bd5 Qxh7 104. g8=Q+ Qxg8 105. Bxg8 {Av CentiPawn Loss W=-19/B=-20. Weighted=-38/-22} 1/2-1/2

[Event "Gaprindashvili Cup Open II Stage 2020"]
[Site "Online"]
[Date "2020.11.08"]
[Round "4.8"]
[White "Akhvlediani, Irakli"]
[Black "Mindiashvili, Tengiz"]
[Result "1-0"]
[WhiteElo "2355"]
[BlackElo "1923"]
[Annotator "TA"]
[PlyCount "104"]
[EventDate "2020.11.04"]
[EventType "swiss"]
[SourceTitle "playchess.com"]
[Source "ChessBase"]
[SourceQuality "1"]

{[%evp 14,104,33,35,37,33,33,39,47,13,22,-14,14,0,14,0,33,33,77,86,127,127,137,134,123,134,117,120,131,114,149,152,296,160,173,184,175,176,192,169,164,152,148,146,199,193,162,154,171,164,218,137,231,231,238,238,221,219,219,219,219,144,218,218,218,218,219,219,225,225,375,375,356,354,1342,1291,1291,1246,1091,1041,5809,5825,29985,29984,29989,29990,29989,29987,29987,29988,29987,29988,29987]} 1. d4 g6 2. c4 Bg7 3. e4 d6 4. Nf3 Bg4 5. Be2 Nc6 6. d5 Bxf3 7. Bxf3 Nd4 8. Nc3 c5 {A41: 1 d4 d6: Tartakower System and Modern Defence.} 9. O-O Nf6 10. Be3 Nd7 {White is slightly better.} 11. Be2 O-O 12. f4 a6 {[#]} 13. a4 $146 ({Predecessor:} 13. Kh1 b5 14. cxb5 axb5 15. Bxd4 cxd4 16. Nxb5 d3 17. Bxd3 Bxb2 18. Rb1 Bg7 19. Bc4 {½-½ (125) Gosciniak,M (2094)-Maciaga,M (2107) Poronin 2020}) 13... Qc7 14. Bd3 Rfb8 15. Rb1 b5 16. cxb5 axb5 17. Nxb5 Qa5 18. b3 Nxb5 19. Bxb5 Rxb5 20. axb5 Qxb5 21. Qc2 Nb6 22. Kh1 h5 {[#]} (22... Nd7 $16 23. Rfe1 h5) 23. Bd2 ({White has to play} 23. b4 $1 $18) 23... Qe2 24. Rbe1 Qb5 25. f5 Nd7 26. fxg6 fxg6 27. Bg5 Re8 28. Qc4 Qxc4 (28... Qb7 $16 29. Qc2 Ne5) 29. bxc4 $18 Ne5 30. Rc1 Bf8 31. h3 Ra8 (31... Kh7 $142 32. g3 Bh6) 32. Rc2 Ra4 (32... Nf7 $16) 33. Rb2 {Black must now prevent Rb8!} Ra8 34. Rb7 Re8 35. Bf4 {Bxe5 is the strong threat.} Bg7 36. Bxe5 Bxe5 {[%mdl 4096] Endgame KRR-KRB} 37. Rfb1 Kf7 {[#]} (37... Kg7 $16 38. Rb8 Rxb8 39. Rxb8 Bf4) 38. Rb8 $1 Rxb8 39. Rxb8 {KR-KB} Bf4 40. Kg1 Kf6 41. Kf2 Ke5 (41... Be5 {is a better defense.} 42. Ke3 Bd4+ 43. Kd3 Be5) 42. Kf3 h4 43. Re8 g5 $2 (43... Bg3 44. Rxe7+ Kd4) 44. Rxe7+ Kd4 45. Kg4 Kxc4 46. Kf5 Kd4 {[#]} 47. e5 $1 Kxd5 (47... dxe5 48. d6) 48. e6 {White mates.} Kc6 49. Ra7 Kb6 50. e7 Kxa7 51. e8=Q Kb6 52. Ke4 Ka5 {Av CentiPawn Loss W=-12/B=-79. Weighted=-19/-67} 1-0

[Event "Gaprindashvili Cup Open II Stage 2020"]
[Site "Online"]
[Date "2020.11.08"]
[Round "4.10"]
[White "Tsereteli, Tornike"]
[Black "Adamia, Jaba"]
[Result "0-1"]
[WhiteElo "1765"]
[BlackElo "1899"]
[Annotator "NA RC"]
[PlyCount "112"]
[EventDate "2020.11.04"]
[EventType "swiss"]
[SourceTitle "playchess.com"]
[Source "ChessBase"]
[SourceQuality "1"]
[TimeControl "1500+5"]

1. e4 {[%emt 0:00:03]} c5 {[%emt 0:00:03]} 2. c3 {[%emt 0:00:01]} d5 {[%emt 0:00:07]} 3. exd5 {[%emt 0:00:01]} Qxd5 {[%emt 0:00:08]} 4. d4 {[%emt 0:00:02]} Nc6 {[%emt 0:00:14]} 5. Nf3 {[%emt 0:00:04]} Nf6 {[%emt 0:00:08]} 6. Be3 {[%emt 0:00:03]} cxd4 {[%emt 0:00:04]} 7. cxd4 {[%emt 0:00:02]} e6 {[%emt 0:00:06]} 8. Nc3 {[%emt 0:00:02]} Qd6 {[%emt 0:00:12]} 9. Bd3 {[%emt 0:00:03]} Be7 {[%emt 0:00:35]} 10. O-O {[%emt 0:00:05]} O-O {[%emt 0:00:08]} 11. a3 {[%emt 0:00:02]} b6 {[%emt 0:00:09]} 12. Qe2 {[%emt 0:00:03]} Bb7 {[%emt 0:00:27]} 13. Rad1 {[%emt 0:00:04]} Ng4 {[%emt 0:01:55]} 14. Bxh7+ {[%emt 0:01:12]} Kxh7 {[%emt 0:01:25]} 15. Ne4 {[%emt 0:00:03]} Qd5 {[%emt 0:06:20]} 16. Nfg5+ {[%emt 0:00:03]} Kg8 {[%emt 0:01:26]} 17. Qxg4 {[%emt 0:00:04]} Bxg5 {[%emt 0:00:08]} 18. Nxg5 {[%emt 0:00:18]} Ne7 {[%emt 0:00:12]} 19. Qh3 {[%emt 0:01:25]} Qf5 {[%emt 0:00:16]} 20. Qg3 {[%emt 0:01:05]} Qg6 {[%emt 0:00:55]} 21. Nf3 {[%emt 0:00:05]} Qh5 {[%emt 0:02:29]} 22. Ne5 {[%emt 0:00:48]} Nf5 {[%emt 0:01:52]} 23. Qg4 {[%emt 0:00:13]} Qxg4 {[%emt 0:00:07]} 24. Nxg4 {[%emt 0:00:03]} Rac8 {[%emt 0:00:17]} 25. Rc1 {[%emt 0:00:26]} Rfd8 {[%emt 0:00:21]} 26. Rxc8 {[%emt 0:00:26]} Rxc8 {[%emt 0:00:09]} 27. Ne5 {[%emt 0:00:25]} Rc2 {[%emt 0:00:17]} 28. Nf3 {[%emt 0:02:07]} Rxb2 {[%emt 0:01:02]} 29. Rc1 {[%emt 0:01:40]} Rb3 {[%emt 0:00:10]} 30. Ng5 {[%emt 0:00:13]} Rxa3 {[%emt 0:01:32]} 31. h3 {[%emt 0:00:09]} Nxe3 {[%emt 0:01:27]} 32. fxe3 {[%emt 0:00:12]} Rxe3 {[%emt 0:01:09]} 33. Rc7 {[%emt 0:00:04]} Rg3 {[%emt 0:00:20]} 34. h4 {[%emt 0:01:48]} f6 {[%emt 0:01:06]} 35. Nxe6 {[%emt 0:00:21]} Rxg2+ {[%emt 0:00:25]} 36. Kf1 {[%emt 0:00:03]} Be4 {[%emt 0:00:02]} 37. Rxa7 {[%emt 0:02:17]} Rg4 {[%emt 0:00:05]} 38. Rd7 {[%emt 0:00:13]} Bf5 {[%emt 0:00:08]} 39. d5 {[%emt 0:00:03]} Bxe6 {[%emt 0:00:10]} 40. dxe6 {[%emt 0:00:02]} Re4 {[%emt 0:00:02]} 41. e7 {[%emt 0:00:16]} Kf7 {[%emt 0:00:08]} 42. e8=Q+ {[%emt 0:00:22]} Kxe8 {[%emt 0:00:02]} 43. Rxg7 {[%emt 0:00:02]} Rxh4 {[%emt 0:00:01]} 44. Rb7 {[%emt 0:00:08]} Rb4 {[%emt 0:00:02]} 45. Ke2 {[%emt 0:00:01]} f5 {[%emt 0:00:08]} 46. Kf3 {[%emt 0:00:09]} Kd8 {[%emt 0:00:09]} 47. Rf7 {[%emt 0:00:08]} Rb5 {[%emt 0:00:02]} 48. Kf4 {[%emt 0:00:04]} Rc5 {[%emt 0:00:05]} 49. Rb7 {[%emt 0:00:07]} b5 {[%emt 0:00:04]} 50. Rf7 {[%emt 0:00:43]} Kc8 {[%emt 0:00:10]} 51. Rh7 {[%emt 0:00:46]} Rd5 {[%emt 0:00:04]} 52. Rg7 {[%emt 0:00:04]} b4 {[%emt 0:00:04]} 53. Kg5 {[%emt 0:00:38]} b3 {[%emt 0:00:06]} 54. Kf6 {[%emt 0:00:01]} b2 {[%emt 0:00:09]} 55. Rg1 {[%emt 0:00:03]} Rb5 {[%emt 0:00:01]} 56. Rb1 {[%emt 0:00:03]} f4 {[%emt 0:00:05]} 0-1

[Event "Gaprindashvili Cup Open II Stage 2020"]
[Site "Online"]
[Date "2020.11.08"]
[Round "4.11"]
[White "Kacharava, Nikolozi"]
[Black "Elashvili, Giorgi"]
[Result "1-0"]
[WhiteElo "2443"]
[BlackElo "1857"]
[Annotator "TA"]
[PlyCount "127"]
[EventDate "2020.11.04"]
[EventType "swiss"]
[SourceTitle "playchess.com"]
[Source "ChessBase"]
[SourceQuality "1"]

{[%evp 20,127,16,9,0,0,19,18,12,-89,-85,-75,-116,-107,-111,-192,-204,-215,-207,-202,-210,-279,-278,-293,-272,-278,-262,-573,-559,-576,-556,-556,-571,-569,-561,-618,-610,-591,-608,-658,-607,-624,-610,-648,-640,-678,-675,-647,-568,-542,-550,-637,-522,-527,30,27,5177,6063,4794,4786,29997,63,153,117,145,139,129,137,177,132,177,165,141,68,47,37,177,177,229,169,166,16,374,228,208,208,643,643,643,629,617,608,595,585,594,560,510,407,29974,29976,29971,9021,5129,5129,29984,29985,29985,29986,29986,29975]} 1. e4 e6 2. d4 d5 3. Nc3 Nf6 4. e5 Nfd7 5. f4 c5 6. Nf3 Nc6 7. Be3 cxd4 8. Nxd4 Qb6 9. Qd2 Qxb2 10. Rb1 Qa3 11. Bb5 Nxd4 {C11: French: Classical System: 4 e5 and 4 Bg5 dxe4.} 12. Bxd4 a6 {The main line 12...a6 scores better than 12...Bb4.} 13. Bxd7+ Bxd7 {The position is equal.} 14. O-O {[#]} (14. Rb3 $11 Qe7 15. Rxb7) 14... b5 $146 ({Predecessor:} 14... Bc5 15. Rf3 Rc8 16. h4 Bxd4+ 17. Qxd4 Rc4 18. Qd2 Qc5+ 19. Kh2 Bc6 20. Rg3 Qd4 21. Qxd4 Rxd4 22. Rxg7 Rxf4 {0-1 (32) Salles,L (2216)-Viennot,D (2241) Gonfreville 2016}) 15. f5 Rc8 16. Rb3 Qa5 17. a3 (17. Qf2 $17 {is a better defense.}) 17... exf5 $19 18. e6 Bxe6 (18... fxe6 19. Qe3) 19. Qe3 Be7 ({And not} 19... Bxa3 20. Nxd5 Qd8 21. Rxf5 $11) 20. Bxg7 Rg8 21. Bd4 Rg4 {And now ...Rxd4! would win.} 22. Kh1 Rc4 23. Ne2 $2 (23. Bb6 d4 {[%mdl 64] Double Attack} 24. Qxe6 fxe6 25. Bxa5 dxc3 26. Re1) 23... Re4 24. Qd3 {[#]} Rxe2 $1 {[%mdl 64] Remove Defender, Deflection} 25. Qxe2 Rxd4 26. Qe5 Re4 27. Qb8+ Qd8 28. Qb7 Qc8 29. Qb6 Qxc2 30. Rg3 Rg4 31. Qxa6 Qc4 {[%cal Rc4f1]} 32. Rgf3 Kf8 33. h3 Re4 34. Qa8+ Qc8 35. Qa5 Qd7 36. Qd2 Kg8 $2 (36... Qd6 $19 37. Qb2 Qe5 38. Qxe5 Rxe5) 37. Rg3+ $11 {[#]} Kh8 $2 {[%mdl 8192] [#]} (37... Rg4 $1 $11 {[%mdl 512]} 38. hxg4 fxg4) 38. Qh6 $1 $18 {[%csl Gg3][%cal Rh6g7][%mdl 512]} Rg4 39. hxg4 fxg4 {[#]} 40. Qf4 $2 (40. Rxg4 $1 {[%mdl 512] mates} Bxg4 41. Rxf7 Bxa3 42. Qxh7#) 40... d4 (40... Kg7 $14) 41. Rd1 $40 {[%mdl 128] White wants a kill.} Qd5 42. Rxd4 Qh5+ 43. Kg1 Bc5 44. Rc3 Qd5 45. Rxc5 Qxc5 {[%mdl 4096] Endgame KQR-KQB} 46. Kh2 ({White should try} 46. Qe3 $16 {Threatens to win with Rd8+.} Bd7 47. g3) 46... Kg7 $14 47. Re4 {[%mdl 1024] Black must now prevent Re5. White has compensation.} Qh5+ ({Black should play} 47... Qxa3 $14 48. Qg5+ Kf8) 48. Kg3 $18 {Strongly threatening Re5.} Qh1 (48... Qg6 $142 49. Qe5+ Kh6) 49. Qe5+ Kg6 {[#]} 50. Rf4 ({Much less strong is} 50. Qxb5 $6 h5 $14) (50. Re1 $1 $18 {[%cal Re1h1]} Qh6 51. Qf4 (51. Rf1 Qg5 $14)) 50... h5 $2 {[%mdl 8192]} (50... h6 $1 $11) 51. Rf6+ Kh7 52. Qg5 {[%csl Gg5][%cal Rf6h6]} h4+ $2 (52... Qe1+ 53. Kh2 g3+ 54. Qxg3 Qd2) 53. Qxh4+ Qxh4+ 54. Kxh4 {KR-KB} Kg7 55. Kg5 Bd5 56. g3 Bf3 57. Rb6 Be2 58. Rb7 Kg8 (58... Bc4 $18 59. Rb8 Be2) 59. Kf6 Bc4 60. Rc7 (60. Rb8+ $142 Kh7 61. Rc8 Bd3 62. Kxf7 Bc4+ 63. Kf6 Bf1 64. Re8 Bd3 65. Re7+ Kh8 66. Re8+ Kh7 67. Re5) 60... Be6 61. Rc5 Bd7 62. Rd5 {White mates.} Bc6 63. Rd8+ Kh7 64. Kxf7 {Never resign too early! Av CentiPawn Loss W=-50/B=-13. Weighted=-64/28} 1-0

[Event "Gaprindashvili Cup Open II Stage 2020"]
[Site "Online"]
[Date "2020.11.08"]
[Round "4.12"]
[White "Kekelidze, Mikheil"]
[Black "Qalichava, Akaki"]
[Result "1-0"]
[WhiteElo "2388"]
[BlackElo "1877"]
[Annotator "TA"]
[PlyCount "77"]
[EventDate "2020.11.04"]
[EventType "swiss"]
[SourceTitle "playchess.com"]
[Source "ChessBase"]
[SourceQuality "1"]

{[%evp 11,77,22,34,38,41,41,46,46,83,82,85,85,85,79,79,85,85,95,93,78,87,81,82,69,91,97,131,129,114,121,125,111,141,151,275,259,222,234,293,296,334,219,384,371,362,231,475,278,286,252,382,368,362,361,305,302,519,519,12833,603,29987,1052,29990,29990,29992,29993,29993,29994]} 1. e4 c5 2. Nc3 Nc6 3. Bb5 Nd4 4. Nf3 g6 5. O-O Bg7 6. Bc4 e6 7. Nxd4 {B31: Sicilian: 2...Nc6 3 Bb5 g6.} cxd4 8. Nb5 d6 9. c3 $1 {[#] White is slightly better.} Ne7 $146 ({Predecessor:} 9... Nf6 10. cxd4 Nxe4 11. d3 Nf6 12. Bf4 O-O 13. Bxd6 a6 14. Bxf8 Kxf8 15. Nc3 b5 {0-1 (32) Paehtz,E (2452)-Cmilyte,V (2464) Kemer 2007}) 10. Nxd4 Bxd4 11. cxd4 d5 12. Bb5+ Bd7 13. Bxd7+ Qxd7 14. d3 O-O 15. Bh6 Rfe8 16. e5 Nf5 17. Be3 $1 Rec8 18. g4 Ne7 19. Qf3 {Threatens to win with Qf6.} Nc6 20. h4 Qe7 21. Kg2 Rc7 22. Rh1 Nb4 (22... Rac8 $16 23. Rab1 Qf8) 23. Bg5 $18 Qf8 24. h5 $1 Nc2 25. Rac1 $1 Nxd4 26. Qf6 Rac8 $2 (26... Rxc1 27. Rxc1 Qg7) 27. Rxc7 Rxc7 28. Be3 $40 {[%mdl 128] White is out for blood.} Nc2 $2 {[#]} (28... Nc6 {might work better.} 29. hxg6 fxg6) 29. hxg6 (29. Bh6 $142 $1 {[%mdl 512]} Qxh6 30. Qd8+ {[%mdl 64] Double Attack} Qf8 31. Qxc7 {[%mdl 64] Double Attack}) 29... Nxe3+ 30. fxe3 {[%csl Gh1][%cal Rg6h7][%mdl 4096] Endgame KQR-KQR} Rc2+ (30... fxg6 {was worth a try.} 31. Qxe6+ {[%mdl 64] Double Attack} Qf7 32. Qxf7+ Rxf7) 31. Kg3 {[%csl Gh1][%cal Rg6h7]} fxg6 32. Qxe6+ {[%mdl 64] Double Attack} Kh8 {[#] And now ...Qf2+ would win.} 33. Qf6+ $1 {[%mdl 64] Double Attack} Qg7 $2 (33... Qxf6 34. exf6 Kg8) 34. g5 Re2 (34... Rc8 $142 35. Rf1 Re8) 35. Kf3 (35. Rc1 $142 h5 36. Kf3) 35... Rxb2 36. e6 (36. Rc1 $142 h6 37. e6 Rb6 38. Qd8+ Kh7 39. gxh6 Qe5 40. Qe7+ Kxh6 41. Rh1+ Qh5+ 42. Rxh5+ gxh5 43. Qf6+ Kh7 44. Qf7+ {[%mdl 64] Double Attack} Kh6 45. e7) 36... Rb6 37. Rc1 {[%cal Rc1c8] White mates.} Rc6 38. Rxc6 bxc6 39. e7 {Black did not feel at home in the position after the opening. Av CentiPawn Loss W=-76/B=-125. Weighted=-47/-84} 1-0